Vampire diaries de A-Z - Statistiques

Statistiques générales
  • Ce quiz a été pris 2 369 fois
  • Le résultat moyen est 14 sur 23
Statistiques - réponses
Hint Réponse % Correct
B Sorcière et meilleur amie de damon Bonnie
99%
A Prof d’histoire et ex tuteur d’elena Alaric
98%
C L’une des meilleur amie d’elena Caroline
98%
E Elle a perdu des parents au début de la serie Elena
98%
K Vampire originel Klaus
94%
J Tante d’elena Jenna
93%
H Nombre de saison Huit
86%
F Nom d’une famille fondatrice et du sherrif Forbes
84%
T Un loup garou amoureux de Caroline puis de live Tyler
83%
D Meilleur couple selon moi Delena
80%
G Livre utilise par les sorcières Grimoire
78%
S La ligne des bennett en sont Sorciere
69%
I Prénom de l’acteur qui joue damon Ian somerhalder
63%
V Plante qu’utilise les humains pour ne pas se faire hypnotiser Veine de venus
55%
M Nom de famille des originels Mickealson
50%
N Amoureuse de marie louise Nora
44%
O Premier vampire Originel
42%
P Objet dans laquelle la malediction de klaus a été scelle Pierre de lune
42%
L L’un des amours de Jenna Logan fell
28%
Y Pasteur ayant fait bruler sa ferme Pasteur Young
23%
W Personne travaillant a l’augustine ayant pris en otage damon et Elena Wess
5%
Q Sorcière amoureuse de silas Questiyah
2%
R Chasseuse de vampire Rena cruze
2%
Aucun quiz correspondant
Distribution des résultats
% des personnes avec chaque résultat
Percentile par nombre de réponses
Votre historique - résultats
Vous n’avez pas pris ce quiz